Revolt and protest : (Record no. 24479)
[ view plain ]
| 000 -LEADER | |
|---|---|
| fixed length control field | 01525cam a22003375a 4500 |
| 001 - CONTROL NUMBER | |
| control field | ocn290580292 |
| 003 - CONTROL NUMBER IDENTIFIER | |
| control field | OSt |
| 005 - DATE AND TIME OF LATEST TRANSACTION | |
| control field | 20170320114432.0 |
| 008 - FIXED-LENGTH DATA ELEMENTS--GENERAL INFORMATION | |
| fixed length control field | 070502s2007 enkb frb 001 0 eng d |
| 020 ## - INTERNATIONAL STANDARD BOOK NUMBER | |
| Cancelled/invalid ISBN | 9781845114763 |
| 020 ## - INTERNATIONAL STANDARD BOOK NUMBER | |
| Cancelled/invalid ISBN | 1845114760 |
| 035 ## - SYSTEM CONTROL NUMBER | |
| System control number | (OCoLC)ocn290580292 |
| 040 ## - CATALOGING SOURCE | |
| Original cataloging agency | CaPaEBR |
| Language of cataloging | eng |
| Transcribing agency | COCUF |
| Modifying agency | OCLCQ |
| -- | N$T |
| -- | IUL |
| -- | EG-ScBUE |
| 043 ## - GEOGRAPHIC AREA CODE | |
| Geographic area code | fb----- |
| -- | f-rh--- |
| -- | f-sg--- |
| 082 04 - DEWEY DECIMAL CLASSIFICATION NUMBER | |
| Classification number | 378.1981096 |
| Item number | ZEI |
| Edition number | 22 |
| 100 1# - MAIN ENTRY--PERSONAL NAME | |
| Personal name | Zeilig, Leo. |
| 245 10 - TITLE STATEMENT | |
| Title | Revolt and protest : |
| Remainder of title | student politics and activism in sub-Saharan Africa / |
| Statement of responsibility, etc | Leo Zeilig. |
| 260 ## - PUBLICATION, DISTRIBUTION, ETC. (IMPRINT) | |
| Place of publication, distribution, etc | London : |
| Name of publisher, distributor, etc | Tauris Academic Studies / I. B. Tauris, |
| Date of publication, distribution, etc | 2007. |
| 300 ## - PHYSICAL DESCRIPTION | |
| Extent | xxiii, 336 p. : |
| Other physical details | maps ; |
| Dimensions | 24 cm. |
| 490 0# - Series Statement | |
| Series statement | International library of African studies ; |
| Volume/sequential designation | 20 |
| 504 ## - BIBLIOGRAPHY, ETC. NOTE | |
| Bibliography, etc | Includes bibliographical references (p. 274-326) and index. |
| 505 0# - FORMATTED CONTENTS NOTE | |
| Formatted contents note | Politics, students and protest : the making of the student intelligentsia -- Contemporary student activism in sub-Saharan Africa -- Reform, revolt and student activism in Zimbabwe -- Political change and student resistance in Senegal -- Students of the transition speak : the meaning of student protest. |
| 650 #7 - SUBJECT ADDED ENTRY--TOPICAL TERM | |
| Topical term or geographic name as entry element | Students |
| General subdivision | Political activity |
| Geographic subdivision | Africa, Sub-Saharan. |
| Source of heading or term | BUEsh |
| 650 #7 - SUBJECT ADDED ENTRY--TOPICAL TERM | |
| Topical term or geographic name as entry element | Student movements |
| Geographic subdivision | Africa, Sub-Saharan. |
| Source of heading or term | BUEsh |
| 650 #7 - SUBJECT ADDED ENTRY--TOPICAL TERM | |
| Topical term or geographic name as entry element | College students |
| Geographic subdivision | Africa, Sub-Saharan |
| General subdivision | Political activity. |
| Source of heading or term | BUEsh |
| 650 #7 - SUBJECT ADDED ENTRY--TOPICAL TERM | |
| Topical term or geographic name as entry element | Student movements |
| Geographic subdivision | Zimbabwe. |
| Source of heading or term | BUEsh |
| 650 #7 - SUBJECT ADDED ENTRY--TOPICAL TERM | |
| Topical term or geographic name as entry element | Student movements |
| Geographic subdivision | Senegal. |
| Source of heading or term | BUEsh |
| 651 ## - SUBJECT ADDED ENTRY--GEOGRAPHIC NAME | |
| Source of heading or term | BUEsh |
| 653 ## - INDEX TERM--UNCONTROLLED | |
| Resource For college | BAEPS, Political Science |
| Arrived date list | March2017 |
| 942 ## - ADDED ENTRY ELEMENTS (KOHA) | |
| Source of classification or shelving scheme | Dewey Decimal Classification |
| Withdrawn status | Item status | Source of classification or shelving scheme | Damaged status | Not for loan | Vendor | Home library | Current library | Shelving location | Date acquired | Source of acquisition | Cost, normal purchase price | Serial Enumeration / chronology | Total Checkouts | Full call number | Barcode | Date last seen | Cost, replacement price | Koha item type |
|---|---|---|---|---|---|---|---|---|---|---|---|---|---|---|---|---|---|---|
| Dewey Decimal Classification | AUC | Central Library | Central Library | First floor | 20/03/2017 | Purchase | 55.00 | 1700 | 378.1981096 ZEI | 000045864 | 15/07/2025 | 68.75 | Book - Borrowing |